00350nam a2200133Ia 4500008004000000082001300040100001700053245004800070250000500118260006700123300000800190440000600198650001200204210210b1993 xxu||||| |||| 00| 0 eng d a030 GREA aGreat books aGreat books of western world.60V. V3-Homer. a aChicago.bEncyclopaedia Britanica, Inc, William Benton.,c1993 a541 a3 aHomer